Hearts at home #5 [Large Print] / Lori Copeland ... Read More
Available copies
- 1 of 1 copy available at LARL/NWRL Consortium.
Current holds
0 current holds with 1 total copy.
Show Only Available Copies
| Location | Call Number / Copy Notes | Barcode | Shelving Location | Status | Due Date |
|---|---|---|---|---|---|
| Thief River Falls Public Library | lp COP (Text) | 35500005012107 | Main | Available | - |
Record details
- ISBN: 9781410431080 (lg. print)
- ISBN: 1410431088 (lg. print)
- Physical Description: 395 p. (large print) ; 23 cm.
- Edition: Large print ed.
- Publisher: Waterville, Me. : Thorndike Press, 2010.
Content descriptions
| Summary, etc.: | The briefest month on the calendar presents the ... Read More |
Search for related items by subject
| Subject: | Angels > Fiction. Islands > Fiction. Women > Fiction. Spouses of clergy > Fiction. Maine > Fiction. Large type books. |
| Genre: | Christian fiction. Love stories. |
Search for related items by series
| LDR | 02144cam a22004458a 4500 | ||
|---|---|---|---|
| 001 | 127092 | ||
| 003 | LARL_NWRL_CONSORTIUM | ||
| 005 | 20110114160032.0 | ||
| 008 | 100810r20102003meu d 000 1 eng | ||
| 020 | . | ‡a9781410431080 (lg. print) | |
| 020 | . | ‡a1410431088 (lg. print) | |
| 035 | . | ‡a(OCoLC)655304304 | |
| 043 | . | ‡an-us-me | |
| 082 | 0 | 0. | ‡a813/.54 ‡222 |
| 100 | 1 | . | ‡aCopeland, Lori. ‡0(LARL_NWRL_CONSORTIUM)104035 |
| 245 | 1 | 0. | ‡aHearts at home ‡n#5 ‡h[Large Print] / ‡cLori Copeland and Angela Hunt. |
| 250 | . | ‡aLarge print ed. | |
| 260 | . | ‡aWaterville, Me. : ‡bThorndike Press, ‡c2010. | |
| 300 | . | ‡a395 p. (large print) ; ‡c23 cm. | |
| 490 | 0 | . | ‡aHeavenly Daze ; ‡v5 |
| 520 | . | ‡aThe briefest month on the calendar presents the angels with the biggest challenges on Heavenly Daze. Edith Wickam, married to the pastor of the Heavenly Daze Community Church, has her heart set on wearing a designer dress to the wedding of the year. Trouble is, the zipper won't close! Will she find a diet - and the determination - to shed those pounds? Annie Cuvier is at peace with her world until tragedy presents her with a series of life-changing decisions. Should she say farewell to the island where heaven is but a breath away? | |
| 650 | 0. | ‡aAngels ‡vFiction. ‡0(LARL_NWRL_CONSORTIUM)163430 | |
| 650 | 0. | ‡aIslands ‡vFiction. ‡0(LARL_NWRL_CONSORTIUM)165223 | |
| 650 | 0. | ‡aWomen ‡vFiction. | |
| 650 | 0. | ‡aSpouses of clergy ‡vFiction. ‡0(LARL_NWRL_CONSORTIUM)167285 | |
| 651 | 0. | ‡aMaine ‡vFiction. ‡0(LARL_NWRL_CONSORTIUM)166017 | |
| 655 | 7. | ‡aChristian fiction. ‡2gsafd | |
| 655 | 7. | ‡aLove stories. ‡2gsafd | |
| 650 | 0. | ‡aLarge type books. ‡0(LARL_NWRL_CONSORTIUM)24284 | |
| 700 | 1 | . | ‡aHunt, Angela Elwell, ‡d1957- ‡0(LARL_NWRL_CONSORTIUM)92772 |
| 901 | . | ‡a127092 ‡bOCLC ‡c127092 ‡tbiblio | |

Add to basket
Permalink
Enable Highlighting